00482nam a22001577a 450000500170000001000150001702000260003203500130005803700130007108200110008424500850009526000450018027000620022530000240028770000130031120161206102015.0 aENG-116322 a9780199458325c995.00 aEN-99854 bDBAD/PUB04a324.5404aEngaging the word :cedited by Sumit GangulybIndian forengn policy sinc 1947 / aNew DelhibOxford University Pressc2016 aYMCA Library Building, 1Jai Singh RoadbNew Delhie110001 axvi,522p.c21cm(Hb) dGanguly,